| 000 | 01046nam a22003137i 4500 | ||
|---|---|---|---|
| 999 |
_c200429465 _d47389 |
||
| 001 | 200429465 | ||
| 003 | TR-AnTOB | ||
| 005 | 20260206135208.0 | ||
| 007 | ta | ||
| 008 | 180416s2007 tu a g 001 0 tur d | ||
| 040 |
_aTR-AnTOB _beng _erda _cTR-AnTOB _dTR-AnTOB |
||
| 041 | 0 | _atur | |
| 050 | 0 | 0 |
_aDR592.K4 _bS34 2007 |
| 090 |
_aDR592.K4 _bS34 2007 |
||
| 100 | 1 |
_aSaray, Mehmet, _d1942- _eauthor _983685 |
|
| 245 | 1 | 0 |
_aAtatürk'ün tarih tezi, tarih araştırmacılarımız ve tarih bilinci / _cMehmet Saray. |
| 264 | 1 |
_a[İstanbul] : _bYeditepe Üniversitesi, _c2007. |
|
| 300 |
_a257 pages : _billustrations ; _c24 cm |
||
| 336 |
_atext _2rdacontent _btxt |
||
| 337 |
_aunmediated _2rdamedia _bn |
||
| 338 |
_avolume _2rdacarrier _bnc |
||
| 490 | 0 |
_aYeditepe Üniversitesi ; _v46 |
|
| 590 | _aDonated by Levent Kuşoğlu | ||
| 600 | 1 | 0 |
_aAtatürk, Mustafa Kemal _d1881-1938 _920781 |
| 650 | 0 |
_9119717 _aHistory _xResearch |
|
| 650 | 7 |
_914653 _aTarih _xAraştırma _2etuturkob |
|
| 942 |
_2lcc _cBK |
||